000 00960nac a22002897a 4500
001 BR0805335
003 BR-BrBNA
005 20240105123641.0
008 230509b bl.|||m| |||| 00| 0 por d
040 _aBR-BrBNA
_bpor
_cBiblioteca Nacional de Agricultura
072 _aE50; E40
090 _aE50 BR0805335
100 1 _aSabourin, E. (org.)
110 1 _aUniversidade de Brasília, DF (Brasil)
_910455
110 1 _aCentro de Estudos Avançados Multidisciplinares. Núcleo de Estudos Agrários
245 1 _aAssociativismo, cooperativismo e economia solidária no meio rural
260 3 _aBrasília, DF (Brasil):
_c2006.
300 _a280 p.
490 _aCadernos do CEAM (Brazil)
_vv. 6(23)
_xISSN 0103-510X
500 _aSeveral bibliography
650 _aASSOCIATIVISMO
650 _aCOOPERATIVISMO
650 _aPOLÍTICAS PÚBLICAS
650 _aZONA RURAL
909 _a202312
_bLúcia Elande
_c55
_dLúcia Elande
942 _2AGRIS
_n0
_cMS
999 _c296383
_d296383